00374nam a2200133 a 45000010010000000030011000100080041000210350026000620820016000881000024001042450042001282600052001706500018002220000-9130ELIB.Books110520 1960  a(ELIB.Books)0000-9282 a226.9 bMca aMcarthur, Harvey K. aUnderstanding the Sermon on the Mount bNew York: Harper and Brothers Publishers c1960 aNew Testament